<?xml version="1.0" encoding="UTF-8"?>
<record
    xmlns:xsi="http://www.w3.org/2001/XMLSchema-instance"
    xsi:schemaLocation="http://www.loc.gov/MARC21/slim http://www.loc.gov/standards/marcxml/schema/MARC21slim.xsd"
    xmlns="http://www.loc.gov/MARC21/slim">

  <leader>00767nam a22001937a 4500</leader>
  <controlfield tag="008">141229s2006    mx     | |||| 000 0 spa d</controlfield>
  <datafield tag="020" ind1=" " ind2=" ">
    <subfield code="a">13: 978-970-105-5151</subfield>
  </datafield>
  <datafield tag="020" ind1=" " ind2=" ">
    <subfield code="a">10: 970-10-5515-2</subfield>
  </datafield>
  <datafield tag="050" ind1=" " ind2="4">
    <subfield code="a">QH332 C35 2006</subfield>
  </datafield>
  <datafield tag="100" ind1="1" ind2=" ">
    <subfield code="a">Calva Rodr&#xED;guez, Roberto.</subfield>
  </datafield>
  <datafield tag="245" ind1="1" ind2="0">
    <subfield code="a">Bio&#xE9;tica / </subfield>
    <subfield code="c">Roberto Calva Rodr&#xED;guez.</subfield>
  </datafield>
  <datafield tag="260" ind1=" " ind2=" ">
    <subfield code="a">M&#xE9;xico: </subfield>
    <subfield code="b">McGraw Hill interamericana, </subfield>
    <subfield code="c">2006.</subfield>
  </datafield>
  <datafield tag="300" ind1=" " ind2=" ">
    <subfield code="a">ix, 229 p.; </subfield>
    <subfield code="c">26 cm.</subfield>
  </datafield>
  <datafield tag="500" ind1=" " ind2=" ">
    <subfield code="a">SEXTO A&#xD1;O BIBLIOGRAF&#xCD;A
PREPARATORIA UNAM / TEMAS SELECTOS DE BIOLOG&#xCD;A-&#xC1;REA II (1711) / (05 001784-05 001785)</subfield>
  </datafield>
  <datafield tag="505" ind1="2" ind2=" ">
    <subfield code="a">Deontolog&#xED;a; bio&#xE9;tica; el m&#xE9;dico y el paciente; el m&#xE9;dico y la ley; debates bio&#xE9;ticos; debates &#xE9;ticos.</subfield>
  </datafield>
  <datafield tag="650" ind1="1" ind2=" ">
    <subfield code="a">BIOLOG&#xCD;A</subfield>
    <subfield code="x">ASPECTOS &#xC9;TICOS Y MORALES</subfield>
  </datafield>
  <datafield tag="650" ind1="2" ind2=" ">
    <subfield code="a">&#xC9;TICA M&#xC9;DICA</subfield>
  </datafield>
  <datafield tag="942" ind1=" " ind2=" ">
    <subfield code="c">LB</subfield>
  </datafield>
  <datafield tag="952" ind1=" " ind2=" ">
    <subfield code="0">0</subfield>
    <subfield code="1">0</subfield>
    <subfield code="2">lcc</subfield>
    <subfield code="4">0</subfield>
    <subfield code="7">0</subfield>
    <subfield code="a">04</subfield>
    <subfield code="b">04</subfield>
    <subfield code="d">2014-12-29</subfield>
    <subfield code="l">0</subfield>
    <subfield code="o">QH332 C35 2006</subfield>
    <subfield code="p">05 001784</subfield>
    <subfield code="r">2023-06-16</subfield>
    <subfield code="t">1</subfield>
    <subfield code="w">2014-12-29</subfield>
    <subfield code="y">LB</subfield>
  </datafield>
  <datafield tag="952" ind1=" " ind2=" ">
    <subfield code="0">0</subfield>
    <subfield code="1">0</subfield>
    <subfield code="2">lcc</subfield>
    <subfield code="4">0</subfield>
    <subfield code="7">0</subfield>
    <subfield code="a">04</subfield>
    <subfield code="b">04</subfield>
    <subfield code="d">2014-12-29</subfield>
    <subfield code="l">0</subfield>
    <subfield code="o">QH332 C35 2006</subfield>
    <subfield code="p">05 001785</subfield>
    <subfield code="r">2023-06-16</subfield>
    <subfield code="t">2</subfield>
    <subfield code="w">2014-12-29</subfield>
    <subfield code="y">LB</subfield>
  </datafield>
  <datafield tag="999" ind1=" " ind2=" ">
    <subfield code="c">95496</subfield>
    <subfield code="d">95496</subfield>
  </datafield>
</record>
